Т. 17, № 9; Радиотехника

書目詳細資料
Parent link:Радиотехника: научно-технический журнал/ Российское научно-техническое общество радиотехники, электроники и связи им. А. С. Попова. Т. 17, № 9.— , 1937-1938, 1946-1987, 1989-
語言:俄语
出版: 1962
格式: 圖書
KOHA link:https://koha.lib.tpu.ru/cgi-bin/koha/opac-detail.pl?biblionumber=491063

MARC

LEADER 00000nam2a2200000 4500
001 491063
005 20231101095849.0
035 |a (RuTPU)RU\TPU\prd\160005 
035 |a RU\TPU\prd\160004 
090 |a 491063 
100 |a 20121123a19629999k y0rusy50 ca 
101 0 |a rus 
102 |a RU 
200 0 |a Т. 17, № 9 
210 |d 1962 
461 1 |0 (RuTPU)RU\TPU\prd\1885  |t Радиотехника  |o научно-технический журнал  |f Российское научно-техническое общество радиотехники, электроники и связи им. А. С. Попова  |v Т. 17, № 9  |d 1937-1938, 1946-1987, 1989- 
801 0 |a RU  |b 63413507  |c 20010227  |g PSBO 
801 1 |a RU  |b 63413507  |c 20121119 
801 2 |a RU  |b 63413507  |c 20121123  |g RCR 
942 |c BK 
999 |a НТБ_ТПУ  |b НФ  |e -4/20120110  |p П-3474  |u 0,00  |v 1  |x 22307